02871nam a2200337 a 450000100060000000300080000600500170001400800410003102000350007202000320010702000150013902000310015403500190018504000970020404100080030106000150030908200180032424500830034226000420042530000320046749000390049950400510053850513970058950600540198652003300204065000480237065500220241870000190244083000400245985600340249966608BD-RjUL20211209081547.0170318s2003 njua ob 001 0 eng d a9781592593538 (electronic bk.) a1592593534 (electronic bk.) z158829045X z9781588290458 (alk. paper) a(BD-RjUL)66738 aN$TbengepncN$TdYDXCPdOCLCQdCNTRUdOCLCEdIDEBKdE7BdOCLCQdOCLCOdOCLCQdGW5XEdOCLCQ aeng 4a2003 C-80004a616.8044222300aGenetics and genomics of neurobehavioral disorders /cedited by Gene S. Fisch. aTotowa, N.J. :bHumana Press,cc2003. ax, 428 p. :bill. ;c23 cm.1 aContemporary clinical neuroscience aIncludes bibliographical references and index.0 aThe genetics and genomics of neurobehavioral disorders: historical introduction and overview / Gene S. Fisch -- Neuroanatomical considerations specific to the study of neurogenetics / Albert M. Galaburda and J. Eric Schmitt -- Modeling cognitive disorders: from genes to therapies / Rui M. Costa, Ype Elgersma, and Alcino J. Silva -- What can the study of behavioral phenotypes teach us about the pathway from genes to behavior? / Jonathan Flint -- The central nervous system in Neurofibromatosis Type 1 / Nancy Ratner and Kathryn North -- Prader-Willi and Angelman Syndromes: cognitive and behavioral phenotypes / Elisabeth M. Dykens and Suzanne B. Cassidy -- Tuberous Sclerosis / Julian R. Sampson and Julia C. Lewis -- Behavioral phenotype in Velo-Cardio-Facial Syndrome / Kieran C. Murphy -- Williams-Beuren Syndrome / Monica Bayes and Luis A. Perez Jurado -- Behavioral phenotype in Myotonic Dystrophy (Steinert's Disease) / Jean Steyaert -- Genetics of X-Linked Mental Retardation / Jamel Chelly and Ben C.J. Hamel -- Nonsyndromal mental retardation associated with the FRAXE Fragile Site and the FMR2 Gene / Jozef Gecz and Gene S. Fisch -- ATR-X Syndrome / Takahito Wada and Richard J. Gibbons -- The Fragile X Syndrome and the Fragile X mutation / Mark C. Hirst and Gene S. Fisch -- Rett Syndrome: clinical-molecular correlates / Alan K. Percy, Joanna Dragich, and N. Carolyn Schanen. 3Use copyfRestrictions unspecified2star5MiAaHDL1 a"Comprehensive and up-to-date, Genetics and Genomics of Neurobehavioral Disorders integrates the molecular, genomic, neuropsychological, and neurobehavioral factors that produce learning disabilities and mental retardation into a coherent framework for the understanding and assessment of neurobehavioral disorders."--Jacket. 0aNeurobehavioral disordersxGenetic aspects. 4aElectronic books.1 aFisch, Gene S. 0aContemporary clinical neuroscience.403SpringerLinkzMIT Access Only